OECD Yearbook 2012 : better policies for better lives.
| Format: | Book |
|---|---|
| Published: |
Paris:
Organisation for Economic Co-operation and Development (OECD),
2012.
|
| Subjects: |
| LEADER | 00520cam a2200145 7i4500 | ||
|---|---|---|---|
| 001 | 0000028562 | ||
| 005 | 20121101090000.0 | ||
| 020 | 0 | 0 | |a 9789264022263 |
| 090 | 0 | 0 | |a I 338.9 |b ORG |
| 245 | 0 | 0 | |a OECD Yearbook 2012 : |b better policies for better lives. |
| 260 | 0 | 0 | |a Paris: |b Organisation for Economic Co-operation and Development (OECD), |c 2012. |
| 300 | # | # | |a 168 p. |
| 650 | 0 | 0 | |a OECD countries -- |x Economic conditions |
| 650 | 0 | 0 | |a OECD countries -- |x Social conditions |
| 999 | |a 0000031337 |b Book |c International |e Business Information Centre | ||


